000 00532nam a2200193Ia 4500
005 20250508153409.0
008 008 250505s9999 xx 000 0 eng d
037 _aBooks to be hide in OPAC
040 _aFEDL
_beng
_cFEDL
041 _aeng
_2eng
084 _a374.991 4, PHI/O
_qFEDL
245 0 _aIt can be done: Community schools in the Philippines
245 0 _cPHILIPPINES
260 _c1954
300 _a115p.
546 _aWeeded out
942 _cHB
_h374.991 4, PHI/O
999 _c1342557
_d1342557